All Batman Arkham Characters - Statistics

General Stats
  • This quiz has been taken 249 times
  • The average score is 38 of 78
Answer Stats
Answer % Correct
Batman
98%
Joker
95%
Harley Quinn
94%
Robin
94%
Bane
88%
Killer Croc
87%
Penguin
87%
Riddler
86%
Amadeus Arkham
85%
Catwoman
85%
Poison Ivy
85%
Jim Gordon
84%
Nightwing
84%
Oracle
84%
Two Face
84%
Deadshot
83%
Ra's Al Ghul
83%
Scarecrow
83%
Deathstroke
81%
Arkham Knight
80%
Mr. Freeze
78%
Talia Al Ghul
76%
Clayface
73%
Hugo Strange
73%
Mad Hatter
71%
Firefly
70%
Black Mask
69%
Alfred Pennyworth
64%
Victor Zsasz
64%
Aaron Cash
63%
Professor Pyg
63%
Hush
62%
Man-Bat
59%
Solomon Grundy
59%
Azrael
58%
Quincy Sharp
55%
Electrocutioner
50%
Copperhead
47%
Shiva
44%
Albert King
42%
Lucius Fox
42%
Vicki Vale
42%
Anarky
41%
Jack Ryder
41%
Deacon Blackfire
40%
Calendar-Man
39%
Superman
35%
Thomas Wayne
35%
Martha Wayne
34%
Flash
31%
Johnny Charisma
31%
Wonder Woman
31%
Frank Boles
30%
Nora Fries
30%
Penelope Young
30%
Simon Stagg
30%
Captain Boomerang
27%
Green Lantern
27%
King Shark
27%
Scarface
27%
Henry Adams
22%
Amanda Waller
21%
Christina Bell
21%
Lex Luthor
19%
Mr. Hammer
19%
Carmine Falcone
17%
Sickle
15%
Rick Flag Jr.
9%
Bronze Tiger
8%
Chief Underhill
8%
Gizmo
6%
Loose lips
5%
Nyssa Raatko
5%
She-Bat
5%
Starro
5%
Arnold Wesker
3%
Kate Kane
3%
Renee Montoya
3%
No matching quizzes found
Score Distribution
Percent of People with Each Score
Percentile by Number Answered
Your Score History
You have not taken this quiz